000 01382cam a2200349 a 4500
001 16735781
003 ARRUPE
005 20160909111152.0
008 110414s2011 miu b 001 0 eng
010 _a 2011015452
020 _a9781587432880 (pbk.)
040 _aDLC
_cDLC
_dDLC
042 _apcc
050 0 0 _aBP67.U6
_bC36 2011
082 0 0 _a261.2/97
_222
100 1 _aCamp, Lee C.
_925422
245 1 0 _aWho is my enemy? :
_bquestions American Christians must face about Islam--and themselves /
_cLee C. Camp.
260 _aGrand Rapids, MI :
_bBrazos,
_cc2011.
300 _axv, 174 p. ;
_c23 cm.
504 _aIncludes bibliographical references (p. 155-169) and index.
650 0 _aIslam
_zUnited States.
_925423
650 0 _aChristianity
_zUnited States.
_93327
650 0 _aIslam
_xRelations
_xChristianity.
_925424
650 0 _aChristianity and other religions
_xIslam.
_925425
650 0 _aEthnic conflict
_xReligious aspects.
_925426
650 0 _aViolence
_xReligious aspects
_xIslam.
_925427
650 0 _aViolence
_xReligious aspects
_xChristianity.
_925428
650 0 _aPolitical messianism
_zUnited States.
_925429
906 _a7
_bcbc
_corignew
_d1
_encip
_f20
_gy-gencatlg
942 _2lcc
_cMONOGRAPH
999 _c125124
_d125124